Places in Art (Record no. 236892)

MARC details
000 -LEADER
fixed length control field 00296pam a2200133 a 4500
020 ## - INTERNATIONAL STANDARD BOOK NUMBER
Terms of availability
041 ## - LANGUAGE CODE
Language code of original
082 ## - DEWEY DECIMAL CLASSIFICATION NUMBER
Classification number 750
Item number GUP
245 ## - TITLE STATEMENT
Title Places in Art
Remainder of title Places in Art
Medium Textual Documents
250 ## - EDITION STATEMENT
Edition statement 1998.
260 ## - PUBLICATION, DISTRIBUTION, ETC.
Place of publication, distribution, etc. [s.l]:
Name of publisher, distributor, etc. National Gallary MQ
300 ## - PHYSICAL DESCRIPTION
Extent 144:
Other physical details paper.
930 ## - EQUIVALENCE OR CROSS-REFERENCE-UNIFORM TITLE HEADING [LOCAL, CANADA]
Uniform title 3102
Holdings
Withdrawn status Lost status Damaged status Not for loan Collection Home library Current library Date acquired Source of acquisition Cost, normal purchase price Total Checkouts Full call number Barcode Date last seen Copy number Price effective from Koha item type
          College of Fine Arts, Pune College of Fine Arts, Pune 24/08/2005 Bhararti Sahakari Grahak Bhandar 358.00   750 GUP FAP-3102 07/03/2023 1 07/03/2023 Book